Boj o talenty sa nekončí!
Talent manažment. Prieskum talent manažmentu na Slovensku uskutočnený poradenskou spoločnosťou Poeple elements. Kto je talent. Demografický vývoj obyvateľstva a rozvoj talentov vo firme. Generácia Y. Development centrum a jeho funkcia. Výskum globálnej poradenskej spoločnosti McKinsey & Company.
Uložené v:
| Hlavný autor: | |
|---|---|
| Médium: | Kapitola |
| Jazyk: | Slovak |
| Predmet: | |
| Tagy: |
Žiadne tagy, Buďte prvý, kto otaguje tento záznam!
|
MARC
| LEADER | 00000naa a2200000 4500 | ||
|---|---|---|---|
| 001 | 0129751 | ||
| 005 | 20231113071016.3 | ||
| 041 | 0 | |a slo | |
| 044 | |a SK | ||
| 245 | 1 | 0 | |a Boj o talenty sa nekončí! |c Petra Švorcová |
| 520 | |a Talent manažment. Prieskum talent manažmentu na Slovensku uskutočnený poradenskou spoločnosťou Poeple elements. Kto je talent. Demografický vývoj obyvateľstva a rozvoj talentov vo firme. Generácia Y. Development centrum a jeho funkcia. Výskum globálnej poradenskej spoločnosti McKinsey & Company. | ||
| 610 | 2 | 0 | |a talenty |
| 610 | 2 | 0 | |a zdroje ľudské |
| 610 | 2 | 0 | |a výber pracovníkov |
| 610 | 2 | 0 | |a riadenie personálne |
| 610 | 2 | 0 | |a výskum |
| 100 | 1 | |a Švorcová, Petra | |